000 00908nas a2200313 4500
001 BR2010000476
003 BR-BrBNA
005 20231205113843.0
007 ta
008 230509b bl.|||p| |||| 00| 00por d
040 _aBR-BrBNA
_bpor
_cBiblioteca Nacional de Agricultura
041 _a(Pt)
072 _aF61
100 1 _aBrachtovogel, E.L.
100 1 _aAbreu, M.L. de
100 1 _aCurcelli, F.
100 1 _aGimenes, M.J.
100 1 _aLara, A.C.C.
100 1 _aSilva, F.M.L.
100 1 _aBicudo, S.J.
245 1 _aFisiologia da cultura da mandioca (Manihot esculenta Crantz)
650 _aMANDIOCA
650 _aACLIMATAÇÃO
650 _aFOTOSSÍNTESE
650 _aETAPA DE DESENVOLVIMENTO DA PLANTA
773 0 _tCultura Agronômica (Brazil)
_xISSN 0104-1010
_g(2009), v. 18(4) p. 13-22
_wBR2010000476
909 _a202311
_bLúcia
_c55
_dLúcia Elande
942 _2AGRIS
_n0
_cANA
999 _c205968
_d205968